=LDR 00000nam 2200000 4500 =001 INLIS000000000034171 =005 20141023145501.0 =006 =007 =008 ind =035 ##$$0010-061300000034171 =041 ##$$a ind =082 ##$$a 420.7 =090 ##$$a 420.7, Dod d =100 ##$$a Doddy, Achmad =245 ##$$a Developing english competencies, For senior high school (SMA/MA) grade x/ Achmad Doddy, Ahmad Sugeng, Efendi =260 ##$$a 2008 $b Jakarta =300 ##$$a viii,160 hlm., Ilus., 25 cm =650 ##$$a Bahasa Inggris - Studi Pengajaran =700 ##$$a Sugeng, Ahmad =850 ##$$a NBPNMAT =990 ##$$a 21400613/BPAP-NTB/20142014 =990 ##$$a 0001/BPAP-NTB/20142014 =990 ##$$a 0001/BPAP-NTB/20142014 =990 ##$$a 0001/BPAP-NTB/20142014 =990 ##$$a 0232/BPAP-NTB/2016